| 000 | 00523nam a2200181Ia 4500 | ||
|---|---|---|---|
| 008 | 100917s9999 xx 000 0 und d | ||
| 082 | _b6095 | ||
| 100 | _aखांडेकर वि. स. | ||
| 245 | _aरिकामा देव्हारा | ||
| 260 |
_b--- _c1939 |
||
| 300 | _a152 | ||
| 365 | _b4 | ||
| 520 | _aकादंबरी | ||
| 630 | _aरिकामा देव्हारा | ||
| 650 | _aकादंबरी | ||
| 730 | _aरिकामा देव्हारा | ||
| 942 | _cBOOK | ||
| 999 |
_c611489 _d611486 |
||